000 00941nam a2200193 i 4500
001 153065
003 ES-MaACL
005 20240423141502.0
008 931025s1896 sp |||| | spa d
100 1 _aCerrada, Pío.
_9126421
245 1 3 _aLa riqueza agrícola y pecuaría en España
_b: monografia... al comienzo... 31 de Enero de 1893 segundo de los que en honor del Excmo. Sr. D. Francisco de Borja Queipo de Llano y boyosa... /
_c... presentado por Pio Cerrada.
260 _aMadrid :
_bReal Academia de Ciencias Morales y Politicas,
_c1896 (
_fImp. del Asilo de Huérfanos del Sagrado Corazón)
300 _a189 p. ;
_c, 27 cm.
710 2 _9222050
_aReal Academia de Ciencias Morales y Políticas (España)
752 _aEspaña -
_dMadrid
852 _aES-MaACL
_jF-M-III-O (IX)
_z-- Enc. pasta española
_q-- Falto de la cub. original
_z-- Enc. en un vol. facticio
942 _2udc
999 _c153065
_d153065